000 00420nam a2200181Ia 4500
005 20240823055252.0
008 240823s9999||||xx |||||||||||||| ||und||
041 _aENGLISH
082 _A006.76 P8
100 _a"Zammetti,Frank W"
245 0 _aPractical DWR 2 Projects
250 _a1st
260 _c2008
_bApres
500 _aYES
650 _aPractical DWR
_bComputer Science
942 _cBK
999 _c228387
_d228387